Quizzes
Events
Quiz Creation
Community
Videos
Private Events
Remove Ads
Sign In
Join for FREE
Feedback
Dark Mode
Quiz Categories
Sports
Geography
Music
Movies
Television
Just For Fun
Miscellaneous
History
Literature
Language
Science
Gaming
Entertainment
Religion
Holiday
For Kids
Quiz Lab
Recent
Popular Today
Quiz Kudos Today
Editor Picks
Curator Picks
Quizzes by...
Day
Popularity
Type
Ratings
Length
Year
Community
Subscriptions
Recent Discussions
Orange Saloon
Badges
Playlists
Quests
Create
Leaderboards
Showdown
Live 5
Trivia Bingo
Activity
Puzzle Library
Sporcle Events
Private Events
Virtual Trivia
Globe League
Become a Host
Pub Owners
SporcleCon
Opinionation
Our Games
Videos
Blog
Mobile Apps
Partnerships
Remove Ads and Go Orange
Feedback
Gaming
Video Games
Board Games
Card Games
Pokémon
Mario
Nintendo
Minecraft
Console
Toys
Legend of Zelda
Gaming
Video Games
Board Games
Card Games
Pokémon
Mario
Nintendo
Minecraft
Console
Toys
Legend of Zelda
Random Quiz
Search Sporcle
×
Quiz Lab
Quiz Lab
Gaming
Food
Type in answers that appear in a list
Type in answers that appear in a list
Classic
Best Score? Go Orange.
Zoo Tycoon 2 Complete Collection Food Items Stats
Can you name the Zoo Tycoon 2 Complete Collection Food Items?
By
Linkrules1986loz
10m
21 Questions
119 Plays
119 Plays
119 Plays
Comments
Comments
Give Quiz Kudos
Give Quiz Kudos
-
- Ratings
hide this ad
Replay
Link that replays current quiz
Next Quiz
Link to next quiz in quiz playlist
You Got
0%
They Got
Avg Score
51%
Avg Friend Score
Upgrade to see
Score Distribution
Jump to the score distribution portion of the page
Score
0/21
Timer
10:00
0
Plays Today
Game
Food Item
% Correct
Zoo Tycoon 2
Meat
94.1%
Zoo Tycoon 2
Grass
89.9%
Zoo Tycoon 2
Fish
85.7%
Zo Tycoon 2
Hay
79.8%
Marine Mania
Squid
71.4%
Zoo Tycoon 2
Bananas
65.5%
African Adventure
Insects
65.5%
Zoo Tycoon 2
Bamboo
61.3%
Extinct Animals
Dinosaur Meat
59.7%
Endangered Species
Berries
57.1%
Marine Mania
Jellyfish
57.1%
Game
Food Item
% Correct
Zoo Tycoon 2
Branches
53.8%
Zoo Tycoon 2
Shrimp
50.4%
Endangered Species
Eucalyptus
46.2%
Extinct Animals
Roots
43.7%
Zoo Tycoon 2
Lettuce
41.2%
Marine Mania
Shellfish
39.5%
Marine Mania
Chum
37.8%
Extinct Animals
Cycad Leaves
37.8%
Marine Mania
Seaweed
36.1%
Marine Mania
Zoo Plankton
33.6%
Quiz Playlist
Details
Report
Send in Message
Add To Playlist
Classic:
Type in answers that appear in a list
Last Updated: Feb 25, 2022
Quiz Scoreboard
CHALLENGE
Sign Up to Join the Scoreboard
Show All
Scores
Hide
Comments
May contain spoilers
Recently Published
9x9 Crossword: Cartoon Network
by jackfrog10
Miscellaneous
3m
College Basketball Coaching Resumes
by pancakes188
Sports
9m
Billboard Blitz: Fleetwood Mac
by CooCooCachoo
Music
15s
More to Explore
Quiz From the Vault
Featured Blog Post
Where Did the Easter Bunny Come From?
hide this ad
You Might Also Like...
Tags
Food Quiz
collection
complete
item
Tycoon
Zoo
Zoo Tycoon
Today's Top Quizzes in Gaming
Browse Gaming
hide this ad
Today's Top Quizzes in Food
Browse Food
Top Contributed Quizzes in Gaming
1
5-to-1: Consoles
2
7-to-1: Board Game Piece Blitz
3
5-to-1: Legend of Zelda
4
League of Legends Pro Players by Career/Team History
5
Destiny 2 exotic weapons by perk icons
6
Ultimate Genshin Impact Logic Puzzle (up to 4.3)
7
Franchise by Action Figure
8
Who's on the WWE 2K24 Cover?
9
Genshin Impact Logic Puzzle Quiz
10
Overwatch Logic Puzzle
Explore More
Trending Topics
Kpop
Anime
Marvel
Harry Potter
NBA
Crossword
Disney
Puzzle
NFL
Country
WWE
Soccer
Pokémon
Song
The Office
hide this ad
More By:
Linkrules1986loz
Quiz
Plays
Rating
Category
Featured
Created
Zoo Tycoon 2 Animals by Stars of Fame
279
5.00
Gaming
Aug 1, 2012
Digimon Adventure Episodes
236
Television
Sep 1, 2012
Digimon Adventure 2 Episodes
133
Television
Sep 1, 2012
Ohio Counties by Region-Northeast
130
Geography
Jul 15, 2012
Zoo Tycoon 2 Complete Collection Food Items
119
Gaming
Jul 12, 2012
Go to Creator's Profile
Score Distribution
Quiz Creator Spotlight
Linkrules1986loz
Follow
Send a Message
Quizzes Created
-
Created Quiz Play Count
-
More By This Creator
Popular Quizzes Today
1
Find the US States - No Outlines Minefield
2
Find the Countries of Europe - No Outlines Minefield
3
The Countries of the World
4
Find the US States
5
Risky Map Clicking: Biggest States A-Z
6
US States
7
Popular People in 1961
8
Movies - When Are They Set?
More Gaming Quizzes
Single-Type Pokemon (Gen. 1) Crossword
Quiz Lab
Trending Quizzes
Risky Map Clicking: Least Populous States A-Z
1-10 Letter G Words
1-10 Letter F Words
Risky Map Clicking: Next State Alphabetically
Adjectives in 80s TV Shows
Recently Updated
Leaping Animals
pecheneg
Reality TV Shows (A-Z)
bhenderson79
Rickey Henderson's Hall of Fame Teammates
pecheneg
Champions League XIs: Arsenal
pecheneg
Quick Pick: Celebrities in WWE's Hall of Fame
aduchscher
A-Z Keypad Blitz II
pecheneg
Multiple Oscar Actors
pecheneg
Mystery Phrase Blitz: Oscar 'Best Actors'
pecheneg
F. Scott Fitzgerald Novels
LTH
Pick 3 Villains
ddd62291
Trending Topics
Anime
Harry Potter
Disney
NBA
Kpop
Marvel
Crossword
Puzzle
Soccer
Song
Country
WWE
NFL
Pokémon
The Office
Your Account Isn't Verified!
In order to create a playlist on Sporcle, you need to verify the email address you used during registration. Go to your
Sporcle Settings
to finish the process.
Report this User
Report this user for behavior that violates our
Community Guidelines
.
Details:
Send Report
Go to the Sporcle.com Mobile Site →
Comments